[Event "3rd EUR-ch"]
[Site "Batumi GEO"]
[Date "2002.06.21"]
[Round "9"]
[White "Asrian, Karen"]
[Black "Guseinov, Gadir"]
[Result "1-0"]
[WhiteElo "2591"]
[BlackElo "2510"]
[EventDate "2002.06.12"]
[PlyCount "71"]

1.e4 c5 2.Nf3 Nc6 3.d4 cxd4 4.Nxd4 g6 5.c4 Bg7 6.Be3 b6 7.Nc3 Bb7 8.Be2 
Nf6 9.O-O O-O 10.Nc2 d6 11.f3 Rc8 12.Qd2 Re8 13.Rac1 Nd7 14.b3 Qc7 15.Nd5 
Qb8 16.Kh1 Ba8 17.Bh6 Bh8 18.Nde3 a6 19.Bg5 Nf6 20.Nd5 Nd7 21.Ncb4 Nxb4 
22.Qxb4 Kf8 23.Qd2 a5 24.Qe1 Bxd5 25.exd5 Bf6 26.f4 Qc7 27.Qh4 Kg8 28.Bg4 
Rcd8 29.Rce1 Nf8 30.Bxf6 exf6 31.Qxf6 Qc5 32.Re7 Rxe7 33.Qxe7 Ra8 34.f5 
Qd4 35.h3 Qe5 36.Qb7 1-0

[Event "3rd EUR-ch"]
[Site "Batumi GEO"]
[Date "2002.06.21"]
[Round "9"]
[White "Bagirov, Rufat"]
[Black "Delchev, Alexander"]
[Result "1/2-1/2"]
[WhiteElo "2516"]
[BlackElo "2550"]
[EventDate "2002.06.12"]
[PlyCount "49"]

1.d4 Nf6 2.c4 g6 3.Nc3 Bg7 4.e4 d6 5.Be2 O-O 6.Bg5 h6 7.Be3 c5 8.e5 dxe5 
9.dxe5 Qxd1+ 10.Rxd1 Ng4 11.Bxc5 Nxe5 12.Nd5 Na6 13.Bxe7 Re8 14.b3 Nc6 15.
Nf6+ Bxf6 16.Bxf6 Ncb4 17.Rd2 Nc5 18.Bc3 a5 19.f3 Bf5 20.Kf2 Ncd3+ 21.Bxd3
Nxd3+ 22.Kg3 Nc1 23.Kf2 Nd3+ 24.Kg3 Nc1 25.Kf2 1/2-1/2

[Event "3rd EUR-ch"]
[Site "Batumi GEO"]
[Date "2002.06.21"]
[Round "9"]
[White "Goloshchapov, Alexander"]
[Black "Aroshidze, Levan"]
[Result "1-0"]
[WhiteElo "2543"]
[BlackElo "2346"]
[EventDate "2002.06.12"]
[PlyCount "49"]

1.e4 c5 2.Nf3 d6 3.d4 cxd4 4.Nxd4 Nf6 5.Nc3 a6 6.Be3 e6 7.f3 b5 8.g4 Nfd7 
9.Qd2 Nb6 10.O-O-O N8d7 11.Ndxb5 axb5 12.Nxb5 Ba6 13.Nxd6+ Bxd6 14.Qxd6 
Nc4 15.Bxc4 Bxc4 16.a3 Be2 17.Rd2 Bxf3 18.Rf1 Bxe4 19.Rfd1 Bd5 20.Rxd5 
exd5 21.Re1 Ne5 22.Qxe5+ Kf8 23.Bd4 f6 24.Qe6 Rc8 25.Bb6 1-0

[Event "3rd EUR-ch"]
[Site "Batumi GEO"]
[Date "2002.06.21"]
[Round "9"]
[White "Petrov, Marijan"]
[Black "Riazantsev, Alexander"]
[Result "1/2-1/2"]
[WhiteElo "2469"]
[BlackElo "2527"]
[EventDate "2002.06.12"]
[PlyCount "94"]

1.e4 e6 2.d4 d5 3.e5 c5 4.c3 Nc6 5.Nf3 Bd7 6.Be2 Nge7 7.Na3 cxd4 8.cxd4 
Nf5 9.Nc2 Qb6 10.O-O a5 11.Bf4 Rc8 12.Qd2 Nb4 13.Na3 h6 14.h4 Be7 15.h5 
Nh4 16.Nxh4 Bxh4 17.g4 Be7 18.Be3 O-O 19.f4 f5 20.exf6 Rxf6 21.g5 hxg5 22.
fxg5 Rxf1+ 23.Rxf1 Rf8 24.h6 Be8 25.hxg7 Kxg7 26.Rxf8 Bxf8 27.Bg4 Qc7 28.
Qf2 Qf7 29.Qh2 Kg8 30.Qh3 Bd7 31.Nb5 Qg6 32.Nc3 Bg7 33.a3 Nc6 34.Nxd5 exd5
35.Bxd7 Nxd4 36.Qg4 Qb1+ 37.Kg2 Qxb2+ 38.Bf2 Qe2 39.Qxe2 Nxe2 40.Bb6 Bc3 
41.Kf3 Nd4+ 42.Ke3 Nc6 43.Be6+ Kg7 44.Bxd5 Kg6 45.Bxc6 bxc6 46.Kd3 Bb2 47.
a4 Kxg5 1/2-1/2

[Event "3rd EUR-ch"]
[Site "Batumi GEO"]
[Date "2002.06.21"]
[Round "9"]
[White "Supatashvili, Khvicha"]
[Black "Velicka, Petr"]
[Result "0-1"]
[WhiteElo "2509"]
[BlackElo "2437"]
[EventDate "2002.06.12"]
[PlyCount "128"]

1.d4 Nf6 2.Nf3 c5 3.d5 e6 4.Nc3 exd5 5.Nxd5 Nxd5 6.Qxd5 d6 7.e4 Be7 8.Bc4 
O-O 9.O-O Nc6 10.Qd3 Ne5 11.Nxe5 dxe5 12.Qg3 Bf6 13.Be3 Qe7 14.Rfd1 Be6 
15.Bd5 Rad8 16.c4 b6 17.a3 Bh4 18.Qxe5 Bf6 19.Qg3 Bxd5 20.exd5 Bxb2 21.
Rab1 Be5 22.Qg4 f5 23.Qh3 Qd6 24.Re1 Rde8 25.Bd2 g6 26.a4 Re7 27.Kf1 Rfe8 
28.Qf3 Bd4 29.Rxe7 Qxe7 30.a5 bxa5 31.Bxa5 Qh4 32.Bc7 Be5 33.Bxe5 Qxc4+ 
34.Kg1 Rxe5 35.h4 Qxd5 36.Rb8+ Kf7 37.Qc3 Qd1+ 38.Kh2 Qd6 39.f4 Qxb8 40.
fxe5 Qb4 41.Qg3 Ke6 42.Qg5 Kxe5 43.Qe7+ Kd5 44.Qd7+ Ke4 45.Qxh7 Qb6 46.
Qe7+ Kd4 47.Qd7+ Kc3 48.h5 gxh5 49.Qxf5 Qd6+ 50.Kh1 Qd1+ 51.Kh2 Qd6+ 52.
Kh1 a5 53.Qxh5 a4 54.Qf3+ Qd3 55.Qc6 Qd4 56.Qa6 Qd1+ 57.Kh2 c4 58.g4 Kb2 
59.Qxc4 a3 60.Qb4+ Qb3 61.Qd4+ Qc3 62.Qb6+ Kc1 63.Qa6 Kb1 64.Qf1+ Qc1 0-1

[Event "3rd EUR-ch"]
[Site "Batumi GEO"]
[Date "2002.06.21"]
[Round "9"]
[White "Radulski, Yulian"]
[Black "Zhukova, Natalia"]
[Result "1/2-1/2"]
[WhiteElo "2501"]
[BlackElo "2425"]
[EventDate "2002.06.12"]
[PlyCount "134"]

1.e4 e6 2.d4 d5 3.e5 c5 4.c3 Nc6 5.Nf3 Bd7 6.Be2 f6 7.O-O Qb6 8.a3 a5 9.b3
Be7 10.Ra2 Rc8 11.Re1 cxd4 12.cxd4 Nh6 13.Bd3 Nf7 14.Be3 f5 15.Nc3 Na7 16.
Bd2 O-O 17.Na4 Bxa4 18.bxa4 Nc6 19.Qb1 Qa7 20.Rb2 Rc7 21.Rb3 g5 22.h3 Kh8 
23.Be3 h5 24.Qd1 g4 25.hxg4 hxg4 26.Nh2 Rg8 27.Bb1 Rg6 28.g3 Kg7 29.Kg2 
Qb8 30.Rh1 Qc8 31.f3 gxf3+ 32.Nxf3 Qg8 33.Nh4 Bxh4 34.Rxh4 Kf8 35.Bf2 Ng5 
36.Qh1 Nh7 37.Rf3 Ke8 38.Bd3 Rg4 39.Rxg4 Qxg4 40.Rf4 Qg7 41.Qh5+ Kd8 42.g4
Nf8 43.Kf1 Ng6 44.Rf3 Ncxe5 45.dxe5 Rc1+ 46.Kg2 Nxe5 47.Rh3 Qxg4+ 48.Qxg4 
Nxg4 49.Rh7 Nxf2 50.Kxf2 Rc3 51.Bb5 Rc7 52.Rh6 Ke7 53.Ke3 Kd6 54.Kd4 Rg7 
55.Bd3 Rg4+ 56.Kc3 Rxa4 57.Bxf5 Rxa3+ 58.Kd2 Ra2+ 59.Ke3 Ra3+ 60.Kd4 Ra4+ 
61.Ke3 Ke5 62.Bxe6 Ra3+ 63.Kd2 b5 64.Bg8 Rg3 65.Rh5+ Kd6 66.Rxd5+ Kc6 67.
Rd8 Kc5 1/2-1/2

[Event "3rd EUR-ch"]
[Site "Batumi GEO"]
[Date "2002.06.21"]
[Round "9"]
[White "Kekelidze, Mikheil"]
[Black "Shanava, Konstantine"]
[Result "1-0"]
[WhiteElo "2477"]
[BlackElo "2390"]
[EventDate "2002.06.12"]
[PlyCount "85"]

1.d4 d5 2.Nf3 Nf6 3.c4 c6 4.e3 Bg4 5.Nc3 e6 6.h3 Bxf3 7.Qxf3 Bb4 8.Bd3 
Nbd7 9.O-O O-O 10.Rd1 Qe7 11.a3 Bxc3 12.bxc3 Nb6 13.a4 Rfc8 14.a5 Nxc4 15.
Bxc4 dxc4 16.e4 Qd7 17.h4 Ne8 18.h5 h6 19.Rb1 b5 20.axb6 Qb7 21.g4 axb6 
22.g5 hxg5 23.Bxg5 f6 24.Bf4 Ra5 25.Kg2 Qf7 26.Rh1 c5 27.d5 e5 28.Bg3 f5 
29.Bxe5 fxe4 30.Qxf7+ Kxf7 31.Rxb6 Ra7 32.h6 Nf6 33.hxg7 Nd7 34.Re6 Nxe5 
35.Rxe5 Kxg7 36.Rxe4 Rd7 37.Rh5 Rd6 38.Rxc4 Rg6+ 39.Kf3 Ra8 40.Rf5 Ra2 41.
Rxc5 Rg1 42.d6 Rd1 43.Rcd5 1-0

[Event "3rd EUR-ch"]
[Site "Batumi GEO"]
[Date "2002.06.21"]
[Round "9"]
[White "Chibukhchian, Artur"]
[Black "Mamedov, Nidjat"]
[Result "0-1"]
[WhiteElo "2379"]
[BlackElo "2463"]
[EventDate "2002.06.12"]
[PlyCount "160"]

1.Nf3 Nf6 2.d4 e6 3.Bg5 h6 4.Bxf6 Qxf6 5.e4 b6 6.Bd3 Bb7 7.Nbd2 d6 8.c3 
Nd7 9.Qe2 a6 10.a4 g6 11.O-O Bg7 12.b4 O-O 13.Rfe1 Qe7 14.h3 a5 15.bxa5 
Rxa5 16.Nb3 Ra7 17.a5 bxa5 18.Rxa5 Rxa5 19.Nxa5 Ba8 20.Bb5 c5 21.Nc6 Bxc6 
22.Bxc6 cxd4 23.cxd4 Rc8 24.Qa6 Qd8 25.Qb7 Qc7 26.d5 Nc5 27.Qxc7 Rxc7 28.
Re2 Ra7 29.dxe6 fxe6 30.g3 Kf7 31.Kg2 Ra6 32.Bb5 Rb6 33.Bc4 Rb4 34.Ba2 
Nxe4 35.Nd2 Nc5 36.Nc4 d5 37.Ne3 Nd3 38.Nxd5 exd5 39.Bxd5+ Kf8 40.Be4 Nc1 
41.Re1 g5 42.Bg6 Bb2 43.Re8+ Kg7 44.Bh5 Rb7 45.Bf3 Rd7 46.Bg4 Rd2 47.Re7+ 
Kf8 48.Re1 Kf7 49.Be6+ Kg6 50.Bc4 Ba3 51.Re6+ Kg7 52.Rc6 Nd3 53.Rc7+ Kf8 
54.Rf7+ Ke8 55.Rf5 Nb4 56.Rf6 Nc2 57.Bb5+ Ke7 58.Rxh6 Bc5 59.Rh7+ Kf6 60.
h4 g4 61.Rh6+ Kg7 62.Rh5 Rxf2+ 63.Kh1 Nd4 64.Bc6 Nxc6 65.Rxc5 Nd4 66.Kg1 
Ra2 67.Kf1 Nf3 68.Rf5 Kg6 69.Rf4 Ne5 70.Re4 Kf5 71.Rf4+ Ke6 72.Rd4 Ra3 73.
Kg2 Rd3 74.Rf4 Kd5 75.Rf2 Nf3 76.Re2 Rd2 77.Kf2 Rxe2+ 78.Kxe2 Ke4 79.Kf2 
Nd4 80.Kg2 Ke3 0-1

[Event "3rd EUR-ch"]
[Site "Batumi GEO"]
[Date "2002.06.21"]
[Round "9"]
[White "Cheparinov, Ivan"]
[Black "Asylguzhin, Radik"]
[Result "1-0"]
[WhiteElo "2457"]
[BlackElo "2387"]
[EventDate "2002.06.12"]
[PlyCount "85"]

1.e4 e5 2.Nf3 d6 3.d4 Nd7 4.Bc4 c6 5.O-O Be7 6.dxe5 Nxe5 7.Nxe5 dxe5 8.Qh5
g6 9.Qxe5 f6 10.Qg3 b5 11.Bb3 a5 12.a4 b4 13.Be3 Bd6 14.f4 Qe7 15.Nd2 Bc7 
16.Rfe1 Nh6 17.h3 g5 18.Qf2 g4 19.Qh4 Qg7 20.Kh1 Bd7 21.Bd4 Rf8 22.e5 
O-O-O 23.e6 Nf5 24.Qxg4 Qxg4 25.hxg4 Nxd4 26.e7 Bxf4 27.Re4 Be5 28.Nc4 
Nxb3 29.cxb3 Bc7 30.Rd1 Rg8 31.exd8=Q+ Bxd8 32.Nd6+ Kc7 33.Nf7 Rg7 34.Nxd8
Kxd8 35.Re6 Kc7 36.Rxf6 Bxg4 37.Rdf1 Bh5 38.R6f5 Bg6 39.Rxa5 Kb6 40.Rg5 
Rb7 41.Rf4 Kc7 42.Rgg4 c5 43.Rg5 1-0

[Event "3rd EUR-ch"]
[Site "Batumi GEO"]
[Date "2002.06.21"]
[Round "9"]
[White "Popov, Valery"]
[Black "Gassanov, Assif"]
[Result "1-0"]
[WhiteElo "2575"]
[BlackElo "2319"]
[EventDate "2002.06.12"]
[PlyCount "77"]

1.d4 Nf6 2.c4 e6 3.Nc3 d5 4.Nf3 Be7 5.Qc2 O-O 6.Bg5 Nbd7 7.Rd1 c6 8.e3 Qa5
9.cxd5 exd5 10.Bd3 Re8 11.O-O Nf8 12.h3 Qd8 13.a3 Be6 14.Ne5 N6d7 15.Bxe7 
Qxe7 16.f4 f6 17.Nf3 Nb6 18.Rde1 Rad8 19.g4 Nc8 20.Ne2 Nd6 21.Ng3 Kh8 22.
Kh2 Bc8 23.Rg1 a6 24.Rg2 Qd7 25.Qf2 Re7 26.f5 Ne4 27.Bxe4 dxe4 28.Nd2 Qd6 
29.Rf1 Qd5 30.Qf4 Rde8 31.g5 Nd7 32.h4 c5 33.dxc5 fxg5 34.hxg5 Nxc5 35.Qh4
Re5 36.b4 Nd3 37.g6 h6 38.f6 Be6 39.Ndxe4 1-0

[Event "3rd EUR-ch"]
[Site "Batumi GEO"]
[Date "2002.06.21"]
[Round "9"]
[White "Haznedaroglu, Kivanc"]
[Black "Kallio, Heikki"]
[Result "0-1"]
[WhiteElo "2345"]
[BlackElo "2502"]
[EventDate "2002.06.12"]
[PlyCount "66"]

1.e4 Nf6 2.e5 Nd5 3.d4 d6 4.Nf3 Nb6 5.exd6 cxd6 6.Be2 g6 7.O-O Bg7 8.b3 
O-O 9.Bb2 a5 10.c4 Nc6 11.h3 a4 12.Nc3 f5 13.Rc1 a3 14.Ba1 Nd7 15.d5 Nb4 
16.Qd2 Qa5 17.Nd4 Nc5 18.Rfe1 Nxa2 19.Rb1 Nxc3 20.Qxc3 Qxc3 21.Bxc3 a2 22.
Rbd1 Nxb3 23.Nxb3 Bxc3 24.Rf1 Bd7 25.Na1 Ra3 26.Rd3 Rfa8 27.Rfd1 Bxa1 28.
Rxa3 Rxa3 29.Rxa1 Kg7 30.f4 Ba4 31.Kf2 Bc2 32.Ke1 Bb1 33.Kd2 Kf6 0-1

[Event "3rd EUR-ch"]
[Site "Batumi GEO"]
[Date "2002.06.21"]
[Round "9"]
[White "Makharadze, Jambul"]
[Black "Maherramzade, Javad"]
[Result "0-1"]
[WhiteElo "2302"]
[BlackElo "2493"]
[EventDate "2002.06.12"]
[PlyCount "146"]

1.d4 Nf6 2.c4 e6 3.Nf3 b6 4.Nc3 Bb4 5.Bg5 Bb7 6.e3 h6 7.Bh4 Bxc3+ 8.bxc3 
d6 9.Nd2 Nbd7 10.f3 Qe7 11.Bd3 e5 12.e4 Nf8 13.Qa4+ Qd7 14.Qxd7+ N6xd7 15.
Bf2 Ne6 16.g3 O-O 17.O-O Rae8 18.Rae1 g5 19.Be3 Kg7 20.Bc2 Rg8 21.Ba4 Re7 
22.Kf2 Ndf8 23.Rb1 Ng6 24.Ke2 Rf8 25.d5 Nc5 26.Bxc5 dxc5 27.Rf2 Bc8 28.Bc2
h5 29.a4 h4 30.a5 hxg3 31.hxg3 Rh8 32.axb6 axb6 33.Rg1 Rh3 34.Nf1 Re8 35.
Rh2 Rxh2+ 36.Nxh2 Rh8 37.Nf1 Bd7 38.Kf2 Kf6 39.Ne3 Ne7 40.Bd3 Ra8 41.Rc1 
Nc8 42.Nc2 Nd6 43.Ne3 Ra2+ 44.Rc2 Ra3 45.f4 gxf4 46.gxf4 exf4 47.Ng2 b5 
48.cxb5 c4 49.Bf1 Nxe4+ 50.Kg1 Rxc3 51.Rxc3 Nxc3 52.Bxc4 Bxb5 53.Bb3 Ke5 
54.d6 Kxd6 55.Nxf4 Ke5 56.Nh3 f6 57.Kf2 Bd7 58.Ng1 Ne4+ 59.Ke3 Bg4 60.Bc4 
f5 61.Ne2 Bxe2 62.Bxe2 Nd6 63.Bf3 c5 64.Bc6 c4 65.Bf3 f4+ 66.Kd2 Kd4 67.
Bh5 Nf5 68.Bf3 Ng3 69.Kc2 Ne4 70.Be2 Ng5 71.Bh5 f3 72.Kd2 Ne4+ 73.Kc2 f2 
0-1

[Event "3rd EUR-ch"]
[Site "Batumi GEO"]
[Date "2002.06.21"]
[Round "9"]
[White "Olcayoz, Alper"]
[Black "Bagaturov, Giorgi"]
[Result "0-1"]
[WhiteElo "2294"]
[BlackElo "2434"]
[EventDate "2002.06.12"]
[PlyCount "164"]

1.d4 Nf6 2.Nf3 e6 3.c4 c5 4.Nc3 cxd4 5.Nxd4 a6 6.e4 Bb4 7.Bd3 Bxc3+ 8.bxc3
d6 9.O-O Nbd7 10.Qe2 Qc7 11.Bd2 b6 12.f4 Bb7 13.Rae1 Nc5 14.e5 dxe5 15.
fxe5 Nfe4 16.Bxe4 Bxe4 17.Nb3 Bd3 18.Qf3 O-O 19.Rf2 Rad8 20.Bg5 Rd7 21.
Nxc5 Qxc5 22.h4 Bxc4 23.Qg3 Kh8 24.h5 f5 25.exf6 gxf6 26.Bh6 Rg8 27.Qh4 
Rf7 28.Re4 Bd5 29.Re3 Qc4 30.Qxc4 Bxc4 31.Ref3 f5 32.Be3 Rg4 33.Bxb6 Rb7 
34.Bd4+ Kg8 35.Rf4 Rxf4 36.Rxf4 Bxa2 37.g4 Bb1 38.gxf5 exf5 39.Kf2 Kf7 40.
Ke3 Ke6 41.c4 Rb3+ 42.Kd2 Rh3 43.Be3 Rxh5 44.Rf1 Be4 45.Ra1 Bb7 46.Rb1 Bc8
47.Rb6+ Kd7 48.c5 Rh4 49.Rf6 Kc7 50.Bf2 Rg4 51.Rf7+ Kc6 52.Rxh7 Re4 53.Rf7
Bd7 54.Rf6+ Be6 55.Rf8 Kb7 56.Re8 a5 57.Re7+ Kc6 58.Ra7 a4 59.Kd3 Bc4+ 60.
Kc3 Bb5 61.Bd4 Kd5 62.Ra8 Bd7 63.Ra7 Bc6 64.Rf7 Rf4 65.Be3 Rf3 66.Kd2 Ke6 
67.Rc7 Bd5 68.Ra7 f4 69.Bd4 Bc6 70.Rg7 Kd5 71.Bg1 Kc4 72.Rc7 Kb5 73.Ra7 
Ra3 74.Rf7 f3 75.Bd4 Kc4 76.Bb2 Ra2 77.Kc1 a3 78.Rf4+ Kxc5 79.Bc3 Re2 80.
Bb4+ Kb5 81.Bxa3 f2 82.Rf5+ Ka4 0-1

[Event "3rd EUR-ch"]
[Site "Batumi GEO"]
[Date "2002.06.21"]
[Round "9"]
[White "Babaev, Rashad"]
[Black "Bae, Torstein"]
[Result "0-1"]
[WhiteElo "2430"]
[BlackElo "2314"]
[EventDate "2002.06.12"]
[PlyCount "104"]

1.e4 c5 2.Nf3 Nc6 3.d4 cxd4 4.Nxd4 Nf6 5.Nc3 e5 6.Ndb5 d6 7.Bg5 a6 8.Na3 
b5 9.Nd5 Be7 10.Bxf6 Bxf6 11.c3 O-O 12.h4 Rb8 13.Nc2 Be7 14.Bd3 Be6 15.
Nce3 Qd7 16.Qf3 Bd8 17.g4 Na5 18.Rd1 Bb6 19.a3 Bxe3 20.Nxe3 Nc4 21.Bxc4 
bxc4 22.Rd2 Rb5 23.Qe2 Qb7 24.f3 d5 25.exd5 Bxd5 26.O-O Be6 27.Rf2 Qc6 28.
h5 h6 29.Rg2 f6 30.Rf2 Re8 31.Kg2 Qc7 32.Rf1 Rc5 33.Rf2 Qf7 34.Kg1 f5 35.
Rg2 f4 36.Nc2 Bd5 37.Qf2 Rb5 38.Nb4 e4 39.Rxd5 e3 40.Qf1 Rxd5 41.Nxd5 Qxd5
42.Re2 Rd8 43.Re1 Qd3 44.Re2 Qd5 45.Re1 Qc5 46.Re2 Rd3 47.Kg2 Qd5 48.Kh3 
Rd1 49.Qg2 Rd2 50.g5 Qf5+ 51.Kh2 Qc2 52.Rxd2 exd2 0-1

[Event "3rd EUR-ch"]
[Site "Batumi GEO"]
[Date "2002.06.21"]
[Round "9"]
[White "Arutinian, David"]
[Black "Jojua, Davit"]
[Result "0-1"]
[WhiteElo "2427"]
[BlackElo "2125"]
[EventDate "2002.06.12"]
[PlyCount "142"]

1.d4 Nf6 2.c4 g6 3.Nc3 Bg7 4.g3 d6 5.Nf3 O-O 6.Bg2 Nbd7 7.O-O e5 8.h3 c6 
9.e4 Qb6 10.c5 dxc5 11.dxe5 Ne8 12.e6 fxe6 13.Ng5 Ne5 14.f4 Nf7 15.Nxf7 
Bd4+ 16.Kh2 Rxf7 17.e5 Nc7 18.Ne4 Nd5 19.h4 Qd8 20.Ng5 Rg7 21.Be4 Qe8 22.
a4 a5 23.Ra3 b6 24.Rh1 Ba6 25.Qg4 Nc7 26.Qf3 Nd5 27.Qg4 Nc7 28.Bb1 Rd8 29.
Ne4 Nd5 30.Nd6 Rxd6 31.exd6 Nf6 32.Qd1 h5 33.Re1 Ng4+ 34.Kg2 Rd7 35.Be4 
Rxd6 36.Qc2 Kg7 37.Bf3 Nf6 38.Re5 Nd7 39.Rg5 Bf6 40.Re3 Bxg5 41.hxg5 e5 
42.Bd2 Re6 43.Bc3 Bc4 44.Kh2 Bd5 45.Be2 Kh7 46.Bxh5 exf4 47.Rxe6 fxg3+ 48.
Kxg3 Qxe6 49.Bg4 Qe3+ 50.Kh4 Ne5 51.Qh2 Nf7 52.Bd2 Qe5 53.Qxe5 Nxe5 54.Bf4
Nc4 55.Bc7 b5 56.Be2 Nxb2 57.axb5 cxb5 58.Bxb5 a4 59.Be5 a3 60.Kg3 Bc4 61.
Bc6 Nd3 62.Bc3 a2 63.Ba4 Nc1 64.Kf2 Ne2 65.Bb2 Nd4 66.Ke3 Bb3 67.Be8 Nc2+ 
68.Kd3 a1=Q 69.Bxa1 Nxa1 70.Kc3 Be6 71.Ba4 c4 0-1

[Event "3rd EUR-ch"]
[Site "Batumi GEO"]
[Date "2002.06.21"]
[Round "9"]
[White "Priehoda, Vitezslav"]
[Black "Kantaria, Mikheil"]
[Result "1/2-1/2"]
[WhiteElo "2425"]
[BlackElo "2259"]
[EventDate "2002.06.12"]
[PlyCount "46"]

1.d4 e6 2.c4 Nf6 3.g3 d5 4.Nf3 Bb4+ 5.Bd2 Be7 6.Bg2 O-O 7.O-O b6 8.cxd5 
exd5 9.Nc3 Bb7 10.Rc1 Re8 11.Ne5 c6 12.Qc2 Na6 13.e4 c5 14.exd5 cxd4 15.
Nb5 Bxd5 16.Nc6 Qd7 17.Bxd5 Qxd5 18.Nbxd4 Bc5 19.Qc4 Bxd4 20.Nxd4 Nc5 21.
Qxd5 Nxd5 22.Rfd1 h6 23.Kf1 a5 1/2-1/2

[Event "3rd EUR-ch"]
[Site "Batumi GEO"]
[Date "2002.06.21"]
[Round "9"]
[White "Magalashvili, Davit"]
[Black "Dzhakaev, Dzhaka"]
[Result "0-1"]
[WhiteElo "2160"]
[BlackElo "2425"]
[EventDate "2002.06.12"]
[PlyCount "76"]

1.d4 Nf6 2.c4 g6 3.f3 Bg7 4.e4 O-O 5.Nc3 d6 6.Bg5 c5 7.d5 Qa5 8.Qd2 a6 9.
Bd3 e6 10.Nge2 Nbd7 11.dxe6 fxe6 12.O-O Ne5 13.f4 Nc6 14.f5 Ne5 15.Ng3 Qb4
16.Rad1 Ne8 17.Bh6 Nxd3 18.Bxg7 Nxg7 19.Qxd3 exf5 20.b3 Be6 21.Nd5 Qa5 22.
exf5 gxf5 23.Ne7+ Kh8 24.Qxd6 Qxa2 25.Qe5 Rae8 26.Nh5 Rxe7 27.Rd3 Bd5 28.
Qxd5 Nxh5 29.Qxc5 Qe2 30.Rdf3 Ng7 31.h3 Qe5 32.Qf2 Rg8 33.Qh4 Rd7 34.R3f2 
Rd3 35.Qh6 Rxb3 36.Rf4 Rb2 37.Rh4 Nh5 38.Kh1 Qh2+ 0-1

[Event "3rd EUR-ch"]
[Site "Batumi GEO"]
[Date "2002.06.21"]
[Round "9"]
[White "Morchiashvili, Bachana"]
[Black "Danner, Georg"]
[Result "0-1"]
[WhiteElo "2167"]
[BlackElo "2407"]
[EventDate "2002.06.12"]
[PlyCount "88"]

1.e4 c5 2.Nf3 d6 3.d4 cxd4 4.Nxd4 Nf6 5.Nc3 a6 6.Be3 e5 7.Nb3 Be6 8.f3 Be7
9.Qd2 O-O 10.O-O-O Nbd7 11.g4 b5 12.g5 b4 13.Ne2 Ne8 14.h4 a5 15.Kb1 Nc7 
16.f4 a4 17.Nbc1 exf4 18.Nxf4 b3 19.cxb3 axb3 20.a3 Ne5 21.Nxe6 fxe6 22.
Be2 Ra4 23.Bd4 Qa8 24.Qe3 Ng6 25.Rhf1 Qc6 26.Rxf8+ Bxf8 27.Rf1 d5 28.Nxb3 
dxe4 29.h5 Nh4 30.Qf4 Nf5 31.Rc1 Nd5 32.Qb8 Qd6 33.Qxd6 Bxd6 34.Bc5 Bf4 
35.Rf1 Bxg5 36.Bb5 Ra8 37.Bc6 Rd8 38.Na5 e3 39.Kc2 e2 40.Re1 Nde3+ 41.Bxe3
Bxe3 42.Bf3 Nd4+ 43.Kc3 Nxf3 44.Rxe2 Bd2+ 0-1

[Event "3rd EUR-ch"]
[Site "Batumi GEO"]
[Date "2002.06.21"]
[Round "9"]
[White "Atakisi, Umut"]
[Black "Kamadadze, Zviad"]
[Result "1-0"]
[WhiteElo "2358"]
[BlackElo "2225"]
[EventDate "2002.06.12"]
[PlyCount "55"]

1.e4 c5 2.Nf3 a6 3.Nc3 Nc6 4.d4 cxd4 5.Nxd4 d6 6.Be3 Nf6 7.Be2 e6 8.O-O 
Be7 9.f4 Qc7 10.Kh1 Rb8 11.a4 O-O 12.Qe1 Re8 13.Qg3 Nd7 14.f5 Bf6 15.fxe6 
fxe6 16.Nxe6 Rxe6 17.Bc4 Nd8 18.Bxe6+ Nxe6 19.Nd5 Qd8 20.Qxd6 Qe8 21.Rf3 
Kh8 22.Nxf6 gxf6 23.Raf1 b5 24.Rxf6 Nxf6 25.Qxb8 Nd7 26.Qd6 bxa4 27.Rf3 
Ndf8 28.Bd4+ 1-0

[Event "3rd EUR-ch"]
[Site "Batumi GEO"]
[Date "2002.06.21"]
[Round "9"]
[White "Citak, Selim"]
[Black "Bayram, Yakup"]
[Result "1-0"]
[WhiteElo "2035"]
[BlackElo "2312"]
[EventDate "2002.06.12"]
[PlyCount "89"]

1.d4 Nf6 2.c4 e6 3.Nc3 d5 4.Bg5 Be7 5.e3 O-O 6.Rc1 h6 7.Bh4 b6 8.cxd5 Nxd5
9.Bxe7 Qxe7 10.Nxd5 exd5 11.Be2 Qb4+ 12.Qd2 Qxd2+ 13.Kxd2 c6 14.Nf3 f6 15.
b4 a6 16.a4 Bd7 17.a5 Ra7 18.Ne1 Rb7 19.Nd3 Bf5 20.g4 Be4 21.f3 Bg6 22.Nf4
Bh7 23.Bd3 Bxd3 24.Nxd3 bxa5 25.bxa5 Rb5 26.Rc5 Rb7 27.Rcc1 Rc8 28.Rb1 Rb5
29.Rxb5 cxb5 30.Nb4 Rc4 31.Nxd5 Nc6 32.Nb6 Nxa5 33.Nxc4 Nxc4+ 34.Kd3 a5 
35.Rb1 Na3 36.Rb3 b4 37.Rxa3 bxa3 38.Kc2 Kf7 39.Kb3 Ke6 40.Kxa3 Kd5 41.Ka4
g6 42.Kxa5 f5 43.gxf5 gxf5 44.f4 h5 45.h4 1-0

[Event "3rd EUR-ch"]
[Site "Batumi GEO"]
[Date "2002.06.21"]
[Round "9"]
[White "Chigladze, Iveri"]
[Black "Gurcan, Selim"]
[Result "0-1"]
[WhiteElo "2149"]
[BlackElo "2283"]
[EventDate "2002.06.12"]
[PlyCount "122"]

1.d4 Nf6 2.c4 g6 3.Nc3 Bg7 4.Nf3 O-O 5.Bf4 d6 6.h3 c5 7.e3 Qa5 8.Qd2 cxd4 
9.exd4 e5 10.Be3 Nc6 11.d5 Ne7 12.Nb5 Qd8 13.Nxa7 Bd7 14.g4 Qb8 15.Nb5 
Bxb5 16.cxb5 Nfxd5 17.Bg5 Ra4 18.Be2 e4 19.Nh4 Qa7 20.O-O Rd4 21.Qc2 Rc8 
22.Qb3 Rb4 23.Qa3 Qxa3 24.bxa3 Rb2 25.Bd1 Rxb5 26.Rc1 Rxc1 27.Bxc1 Nc3 28.
Bb3 d5 29.Bg5 Nc6 30.a4 Rb4 31.Bd2 d4 32.Re1 Be5 33.Kf1 Kg7 34.Ng2 f5 35.
Bxc3 dxc3 36.Ne3 Ne7 37.Nc2 Rb6 38.f3 Rd6 39.fxe4 fxg4 40.hxg4 Kf6 41.Ne3 
Nc6 42.Bd5 Rd8 43.Rb1 Rd7 44.Ke2 Kg5 45.Kd3 Bf4 46.Rb5 Ne5+ 47.Ke2 Bxe3 
48.Kxe3 Nxg4+ 49.Kd3 Rc7 50.Rxb7 Rc5 51.Rb5 Rc7 52.Rb7 Rc5 53.Bb3 Nf2+ 54.
Kc2 Nxe4 55.Rxh7 Kf4 56.Rf7+ Ke3 57.Rb7 Rg5 58.Rd7 Rg2+ 59.Kc1 Rg1+ 60.Bd1
Nc5 61.Kc2 Nxd7 0-1

[Event "3rd EUR-ch"]
[Site "Batumi GEO"]
[Date "2002.06.21"]
[Round "9"]
[White "Sulashvili, Malkhaz"]
[Black "Yegiazarian, Arsen"]
[Result "0-1"]
[WhiteElo "2254"]
[BlackElo "2567"]
[EventDate "2002.06.12"]
[PlyCount "58"]

1.e4 e5 2.Nf3 Nc6 3.Bc4 Bc5 4.O-O Nf6 5.d3 d6 6.c3 Bg4 7.h3 Bh5 8.Be3 a6 
9.b4 Bxe3 10.fxe3 O-O 11.Qb3 Ne7 12.Qb2 d5 13.exd5 Nexd5 14.Nxe5 Nxe3 15.
Re1 Nxc4 16.dxc4 Nd7 17.Nd2 Re8 18.Nef3 Qf6 19.c5 Qf4 20.Qb3 Ne5 21.Qd5 
Bxf3 22.Nxf3 c6 23.Qd1 Rad8 24.Rxe5 Rxd1+ 25.Rxd1 Kf8 26.Rxe8+ Kxe8 27.Rd4
Qc1+ 28.Kh2 Qxc3 29.a4 a5 0-1

[Event "3rd EUR-ch"]
[Site "Batumi GEO"]
[Date "2002.06.21"]
[Round "9"]
[White "Kinsiz, Onur"]
[Black "Yilmaz, Turhan"]
[Result "1-0"]
[WhiteElo "2158"]
[BlackElo "2303"]
[EventDate "2002.06.12"]
[PlyCount "123"]

1.e4 Nf6 2.Bc4 d6 3.Nc3 c5 4.Nge2 a6 5.a4 e6 6.d4 cxd4 7.Nxd4 Qc7 8.Qe2 g6
9.O-O Bg7 10.Be3 O-O 11.f3 Re8 12.Nb3 Nbd7 13.a5 Ne5 14.Bd3 Bd7 15.Bb6 Qb8
16.f4 Nxd3 17.cxd3 Bc6 18.Qf2 Re7 19.Qh4 Qe8 20.Bd4 e5 21.Be3 h6 22.fxe5 
g5 23.exf6 gxh4 24.fxe7 Qxe7 25.Nd4 Bd7 26.Nd5 Qd8 27.Nf5 Bxf5 28.Rxf5 h3 
29.Raf1 Qh4 30.gxh3 Qxh3 31.R1f3 Qh4 32.Rg3 Kh8 33.Rxf7 Be5 34.Nf4 Rg8 35.
Rf8 Rxf8 36.Ng6+ Kg7 37.Nxh4+ Bxg3 38.hxg3 Kf6 39.Kf2 Rc8 40.Bd4+ Kg5 41.
Bc3 Kg4 42.Nf5 Rf8 43.Ke3 h5 44.Bg7 Rd8 45.Bf6 Rd7 46.Kf2 Kh3 47.d4 Rf7 
48.e5 dxe5 49.dxe5 Rf8 50.Kf3 b6 51.axb6 Rb8 52.e6 Rxb6 53.Ng7 a5 54.Bc3 
Rb7 55.Nf5 Rb6 56.e7 Re6 57.Kf4 a4 58.Bb4 Re2 59.Ne3 Rxb2 60.Bd6 a3 61.
e8=Q a2 62.Qxh5# 1-0

[Event "3rd EUR-ch"]
[Site "Batumi GEO"]
[Date "2002.06.21"]
[Round "9"]
[White "Ipek, Ali"]
[Black "Duman, Aydin"]
[Result "1-0"]
[WhiteElo "2263"]
[BlackElo "2155"]
[EventDate "2002.06.12"]
[PlyCount "47"]

1.d4 Nf6 2.Nf3 g6 3.Bg5 Bg7 4.Nbd2 O-O 5.e4 d6 6.c3 c5 7.dxc5 dxc5 8.Bc4 
Nc6 9.Qe2 Qc7 10.O-O-O Na5 11.e5 Nxc4 12.Nxc4 Nh5 13.Ne3 Be6 14.g4 f6 15.
gxh5 fxg5 16.hxg6 g4 17.gxh7+ Kh8 18.Nh4 Kxh7 19.Nxg4 Bxg4 20.Qe4+ Bf5 21.
Nxf5 Qxe5 22.Qh4+ Kg8 23.Nxe7+ Kf7 24.Rhe1 1-0

[Event "3rd EUR-ch"]
[Site "Batumi GEO"]
[Date "2002.06.21"]
[Round "9"]
[White "Essing, Arnold"]
[Black "Erdogdu, Mert"]
[Result "1/2-1/2"]
[WhiteElo "2286"]
[BlackElo "2295"]
[EventDate "2002.06.12"]
[PlyCount "100"]

1.d4 d5 2.Nf3 Nf6 3.c4 c6 4.Nc3 e6 5.Bg5 h6 6.Bxf6 Qxf6 7.e3 g6 8.Bd3 Bg7 
9.O-O O-O 10.Ne5 Nd7 11.f4 c5 12.cxd5 cxd4 13.exd4 exd5 14.Nxd5 Qd6 15.Be4
Nb6 16.Nxb6 Qxb6 17.Qd2 Rd8 18.Rad1 Be6 19.b3 Bg4 20.Bf3 Bxf3 21.Rxf3 Bxe5
22.fxe5 Rxd4 23.Qxd4 Rd8 24.Qxb6 Rxd1+ 25.Rf1 Rxf1+ 26.Kxf1 axb6 27.Ke2 
Kf8 28.Kd3 Ke7 29.Kc4 Ke6 30.Kb5 Kxe5 31.Kxb6 f5 32.Kxb7 f4 33.a4 g5 34.a5
g4 35.a6 f3 36.gxf3 gxf3 37.a7 f2 38.a8=Q f1=Q 39.Qh8+ Ke4 40.Qxh6 Qf7+ 
41.Kc6 Qd5+ 42.Kc7 Qxb3 43.h4 Qf7+ 44.Kd8 Qg8+ 45.Ke7 Kf5 46.Qh5+ Kf4 47.
Kf6 Qf8+ 48.Ke6 Qg8+ 49.Ke7 Qg7+ 50.Kd6 Qf8+ 1/2-1/2

[Event "3rd EUR-ch"]
[Site "Batumi GEO"]
[Date "2002.06.21"]
[Round "9"]
[White "Urushadze, Davit"]
[Black "Klerides, Paris"]
[Result "0-1"]
[WhiteElo "2272"]
[BlackElo "2210"]
[EventDate "2002.06.12"]
[PlyCount "88"]

1.d4 Nf6 2.c4 g6 3.Nc3 Bg7 4.Nf3 O-O 5.g3 d6 6.Bg2 Nbd7 7.O-O e5 8.e4 c6 
9.h3 Qb6 10.dxe5 Nxe5 11.Nxe5 dxe5 12.Qc2 Be6 13.b3 Rad8 14.Be3 Qc7 15.
Rad1 h5 16.a4 h4 17.g4 Nh7 18.f3 Bf6 19.Qf2 Qa5 20.Na2 Rxd1 21.Rxd1 Rd8 
22.Rxd8+ Qxd8 23.Nc3 Be7 24.Qc2 Qa5 25.Kf1 a6 26.Na2 b5 27.axb5 axb5 28.
Kf2 bxc4 29.bxc4 Bc5 30.Bf1 Bxe3+ 31.Kxe3 Qc5+ 32.Kd2 Qf2+ 33.Be2 Ng5 34.
Qd3 Nxh3 35.Nc3 Nf4 36.Qd8+ Kg7 37.Qd6 Qd4+ 38.Qxd4 exd4 39.Nd1 Nxe2 40.
Kxe2 Bxc4+ 41.Ke1 g5 42.e5 Bd5 43.Kf2 c5 44.Nb2 c4 0-1